<?xml version="1.0" encoding="UTF-8"?><?xml-stylesheet type="text/xsl" href="static/style.xsl"?><OAI-PMH xmlns="http://www.openarchives.org/OAI/2.0/" xmlns:xsi="http://www.w3.org/2001/XMLSchema-instance" xsi:schemaLocation="http://www.openarchives.org/OAI/2.0/ http://www.openarchives.org/OAI/2.0/OAI-PMH.xsd"><responseDate>2026-04-17T11:39:47Z</responseDate><request verb="GetRecord" identifier="oai:www.recercat.cat:2072/379015" metadataPrefix="marc">https://recercat.cat/oai/request</request><GetRecord><record><header><identifier>oai:recercat.cat:2072/379015</identifier><datestamp>2026-03-16T23:39:24Z</datestamp><setSpec>com_2072_98</setSpec><setSpec>col_2072_378192</setSpec></header><metadata><record xmlns="http://www.loc.gov/MARC21/slim" xmlns:dcterms="http://purl.org/dc/terms/" xmlns:xsi="http://www.w3.org/2001/XMLSchema-instance" xmlns:doc="http://www.lyncode.com/xoai" xsi:schemaLocation="http://www.loc.gov/MARC21/slim http://www.loc.gov/standards/marcxml/schema/MARC21slim.xsd">
   <leader>00925njm 22002777a 4500</leader>
   <datafield ind2=" " ind1=" " tag="042">
      <subfield code="a">dc</subfield>
   </datafield>
   <datafield ind2=" " ind1=" " tag="720">
      <subfield code="a">Emad, Parvis</subfield>
      <subfield code="e">author</subfield>
   </datafield>
   <datafield ind2=" " ind1=" " tag="260">
      <subfield code="c">2002</subfield>
   </datafield>
   <datafield ind2=" " ind1=" " tag="520">
      <subfield code="a">Seventy-five years after the publication of SuZ, this work still not interpreted in the light of the question of being - few exceptions notwithstanding. To commemorate the seventy- fifth anniversary of the publication of SuZ, it is fitting to take up this question, and to attend to its structure and hermeneutic ramifications. Returning to this question we come upon and experience a phenomenon which Heidegger calls «retro- or forward relatedness of being» and which constitutes the foremost hermeneutic pre-condition for gaining access to his entire thought. It is the purpose of this paper to indicate that this relatedness sustains Heidegger's trascendental-horizonal as well as his being-historical thinking.</subfield>
   </datafield>
   <datafield ind2=" " ind1=" " tag="520">
      <subfield code="a">Pasados setenta y cinco años de la publicación de Ser y tiempo, esta obra todavía no se ha interpretado desde la perspectiva de la cuestión del ser, al margen de algunas excepciones. Para conmemorar el setenta y cinco aniversario de la publicación de Ser y tiempo, abordaremos este tema y nos ocuparemos de su estructura y de sus ramificaciones hermenéuticas. Volviendo a la cuestión que centra nuestro interés, fijaremos la atención en la experiencia de un fenómeno que Heidegger denomina «retro-relación» o «proto-relación» del ser que constituye la pre-condición hermenéutica fundamental a la hora de acceder a la totalidad de su pensamiento. Este artículo se propone indicar que esta relación sustenta tanto el pensamiento horizontal-trascendental de Heidegger como su pensamiento acerca de la historia del ser.</subfield>
   </datafield>
   <datafield tag="653" ind2=" " ind1=" ">
      <subfield code="a">Question of being</subfield>
   </datafield>
   <datafield tag="653" ind2=" " ind1=" ">
      <subfield code="a">Existence</subfield>
   </datafield>
   <datafield tag="653" ind2=" " ind1=" ">
      <subfield code="a">Hermeneutic</subfield>
   </datafield>
   <datafield tag="653" ind2=" " ind1=" ">
      <subfield code="a">Being and Time</subfield>
   </datafield>
   <datafield tag="653" ind2=" " ind1=" ">
      <subfield code="a">Cuestión del ser</subfield>
   </datafield>
   <datafield tag="653" ind2=" " ind1=" ">
      <subfield code="a">Existencia</subfield>
   </datafield>
   <datafield tag="653" ind2=" " ind1=" ">
      <subfield code="a">Hermenéutica</subfield>
   </datafield>
   <datafield tag="653" ind2=" " ind1=" ">
      <subfield code="a">Ser y tiempo</subfield>
   </datafield>
   <datafield ind2="0" ind1="0" tag="245">
      <subfield code="a">The Question of Being : Foremost Hermeneutic Pre-condition for Interpreting Heidegger</subfield>
   </datafield>
</record></metadata></record></GetRecord></OAI-PMH>